000 00782nam a22001337a 4500
008 180829b xxu||||| |||| 00| 0 eng d
082 _a808.066
_bAU939a
100 _aTaller de Producción Editorial
_96642
245 _aAutopublicando juntas
260 _aCiudad de México
_bEditorial de Cráter Invertido
_c2017
300 _a44 p.
_bill.
_c21.7 cm
505 _t¿Qué es publicar?
_t¿Cómo concebir un proyecto editorial?
_tLos contenidos
_tLa edición
_tEl diseño
_tLa preprensa
_tLa impresión
_t¿Qué es la duplicadora de esténcil?
_tGuía rápida de impresión
_tEl registro
_tLos acabados
_tHerramientas básicas
_tPartes del libro
_tEl archivo
_tLa circulación
650 _2Literatura
_xExposición literaria
_xEscritos técnicos
_xRedacción
_xPublicación
_xPublicación - Comunidad
_96643
999 _c1602
_d1602